<?xml version="1.0" encoding="UTF-8"?>
<collection xmlns="http://www.loc.gov/MARC21/slim">
 <record>
  <leader>01722nam a22002415a 4500</leader>
  <controlfield tag="001">EUN.eunm006278</controlfield>
  <controlfield tag="005">20160226105151.0</controlfield>
  <controlfield tag="008">041125m18831884sp#a#####b####000#0#spa#d</controlfield>
  <datafield tag="082" ind1="0" ind2="4">
   <subfield code="a">301</subfield>
   <subfield code="2">15</subfield>
  </datafield>
  <datafield tag="100" ind1="1" ind2=" ">
   <subfield code="a">Spencer, Herbert,</subfield>
   <subfield code="d">1820-1903.</subfield>
  </datafield>
  <datafield tag="245" ind1="1" ind2="3">
   <subfield code="a">El universo social :</subfield>
   <subfield code="b">sociología general y descriptiva /</subfield>
   <subfield code="c">Heriberto Spencer ; adaptación española de Salvador Sanpere y Miquel ; ilustrada por los Sres. Amado ... [et al.].</subfield>
  </datafield>
  <datafield tag="260" ind1=" " ind2=" ">
   <subfield code="a">Barcelona :</subfield>
   <subfield code="b">Barris,</subfield>
   <subfield code="c">1883-1884.</subfield>
  </datafield>
  <datafield tag="300" ind1=" " ind2=" ">
   <subfield code="a">3 v. :</subfield>
   <subfield code="b">il. ;</subfield>
   <subfield code="c">33 cm.</subfield>
  </datafield>
  <datafield tag="500" ind1=" " ind2=" ">
   <subfield code="a">La fecha consta en los t. 3 y 4.</subfield>
  </datafield>
  <datafield tag="504" ind1=" " ind2=" ">
   <subfield code="a">Incluye referencias bibliográficas.</subfield>
  </datafield>
  <datafield tag="505" ind1="0" ind2=" ">
   <subfield code="a">v. 1. Prólogo -- Necesidad de la ciencia social -- ¿Hay una ciencia social? -- Naturaleza de la ciencia social -- Dificultades de la ciencia social. Dificultades objetivas que nacen de la interpretacion de los hechos -- Dificultades subjetivas que nacen de la inteligencia -- Dificultades subjetivas que dimanan de las pasiones -- Los prejuicios de la educacion -- Los prejuicios del patriotismo -- Prejuicios de clase y prejuicios políticos -- Prejuicios teológicos -- Disciplina -- Preparación por la biología y la psicología -- Conclusion -- Epílogo.</subfield>
  </datafield>
  <datafield tag="505" ind1="0" ind2=" ">
   <subfield code="a">v. 2. Pte. 1a. Datos de la sociología -- Pte. 2a. Inducciones de la sociología -- Pte. 3a. Relaciones domésticas.</subfield>
  </datafield>
  <datafield tag="505" ind1="0" ind2=" ">
   <subfield code="a">v. 3. Pte. 4a. Instituciones ceremoniales -- Pte. 5a. Instituciones políticas.</subfield>
  </datafield>
  <datafield tag="650" ind1=" " ind2="7">
   <subfield code="a">Sociología.</subfield>
   <subfield code="2">unbist</subfield>
  </datafield>
  <datafield tag="650" ind1=" " ind2="7">
   <subfield code="a">Ciencias sociales.</subfield>
   <subfield code="2">unbist</subfield>
  </datafield>
  <datafield tag="859" ind1=" " ind2=" ">
   <subfield code="a">AR-BaUNS</subfield>
   <subfield code="b">BIB. CENTRAL - Tesoro</subfield>
   <subfield code="h">301</subfield>
   <subfield code="i">Sp33</subfield>
   <subfield code="k">F</subfield>
   <subfield code="p">99435/991</subfield>
   <subfield code="v">v.1</subfield>
   <subfield code="3">v.1</subfield>
  </datafield>
  <datafield tag="859" ind1=" " ind2=" ">
   <subfield code="a">AR-BaUNS</subfield>
   <subfield code="b">BIB. CENTRAL - Tesoro</subfield>
   <subfield code="h">301</subfield>
   <subfield code="i">Sp33</subfield>
   <subfield code="k">F</subfield>
   <subfield code="p">99436/991</subfield>
   <subfield code="v">v.2</subfield>
   <subfield code="3">v.2</subfield>
  </datafield>
  <datafield tag="859" ind1=" " ind2=" ">
   <subfield code="a">AR-BaUNS</subfield>
   <subfield code="b">BIB. CENTRAL - Tesoro</subfield>
   <subfield code="h">301</subfield>
   <subfield code="i">Sp33</subfield>
   <subfield code="k">F</subfield>
   <subfield code="p">99437/991</subfield>
   <subfield code="v">v.3</subfield>
   <subfield code="3">v.3</subfield>
  </datafield>
 </record>
</collection>
